[Event "Madrid-ch 2011/2012- Semifinal B"]
[Site "Madrid ESP"]
[Date "2012.03.23"]
[Round "2.13"]
[White "Sebastian Enesco, Alex"]
[Black "Ruiz Sanchez, Roberto"]
[Result "0-1"]
[WhiteElo "1783"]
[BlackElo "1997"]
[PlyCount "84"]
[EventDate "2012.03.22"]
[EventType "swiss"]
[EventRounds "9"]
[EventCountry "ESP"]
[Source "lmi"]
[SourceDate "2012.03.22"]

1. d4 d5 2. c4 c6 3. Nc3 Nf6 4. Nf3 a6 5. a4 e6 6. h3 dxc4 7. e4 Bb4 8. Qc2 Qa5
9. Bxc4 Nxe4 10. Qxe4 Bxc3+ 11. Kf1 Bb4 12. Qg4 g6 13. Qh4 Nd7 14. Bh6 Be7 15.
Qg3 Bf6 16. Re1 Nb6 17. Qf4 Qf5 18. Bxe6 fxe6 19. Qd6 Be7 20. Qg3 Nd5 21. h4
Bd7 22. Bd2 O-O-O 23. Ba5 Ne3+ 24. Rxe3 Qxa5 25. Ke2 Qxa4 26. Rd1 Qb5+ 27. Ke1
Bb4+ 28. Nd2 Rhf8 29. Re5 Bd6 30. Rxb5 Bxg3 31. Rb3 Bxf2+ 32. Ke2 Bxd4 33. Ne4
e5 34. Kd2 Bg4 35. Rh1 Rf4 36. Ng5 Rf2+ 37. Kc1 h6 38. Ne4 Rxg2 39. Rf1 Bf5 40.
Nf6 Rc2+ 41. Kd1 Bxb2+ 42. Ke1 Bc3+ 0-1

[Event "Madrid-ch 2011/2012- Semifinal B"]
[Site "Madrid ESP"]
[Date "2012.03.24"]
[Round "3.1"]
[White "Castano, Henry Augusto"]
[Black "Garcia Sanz, Eduardo"]
[Result "1-0"]
[WhiteElo "2284"]
[BlackElo "1994"]
[PlyCount "93"]
[EventDate "2012.03.22"]
[EventType "swiss"]
[EventRounds "9"]
[EventCountry "ESP"]
[Source "lmi"]
[SourceDate "2012.03.22"]

1. e4 c5 2. Nf3 e6 3. d3 Nc6 4. g3 d6 5. Bg2 Nf6 6. O-O Be7 7. c3 O-O 8. a3 Bd7
9. Nbd2 Qc7 10. Qe2 Rac8 11. b4 b6 12. Bb2 e5 13. Nc4 Be6 14. Nfd2 Rfd8 15. b5
Na5 16. Nxa5 bxa5 17. c4 Nd7 18. Bc3 a4 19. Rab1 Rf8 20. f4 exf4 21. gxf4 f6
22. Bf3 Bh3 23. Bg4 Bxf1 24. Be6+ Kh8 25. Qxf1 d5 26. cxd5 Bd6 27. Nc4 Rcd8 28.
Bd2 Nb6 29. Qf2 Rde8 30. f5 Nxc4 31. dxc4 g6 32. Kh1 g5 33. Be3 Re7 34. e5 fxe5
35. Bxg5 Rxe6 36. dxe6 Qb7+ 37. Qg2 Qxg2+ 38. Kxg2 Rg8 39. h4 h6 40. Rd1 Be7
41. Rd7 Bxg5 42. hxg5 Rxg5+ 43. Kh3 Rh5+ 44. Kg4 Rg5+ 45. Kh4 Rg8 46. f6 e4 47.
f7 1-0

[Event "Madrid-ch 2011/2012- Semifinal B"]
[Site "Madrid ESP"]
[Date "2012.03.24"]
[Round "3.2"]
[White "Lopez Ziegler, Carlos"]
[Black "Cerrato Torrijos, Maria"]
[Result "0-1"]
[WhiteElo "1902"]
[BlackElo "2101"]
[PlyCount "126"]
[EventDate "2012.03.22"]
[EventType "swiss"]
[EventRounds "9"]
[EventCountry "ESP"]
[Source "lmi"]
[SourceDate "2012.03.22"]

1. e4 c5 2. Nf3 d6 3. d4 cxd4 4. Nxd4 Nf6 5. Nc3 g6 6. Be3 Bg7 7. f3 O-O 8. Qd2
Nc6 9. O-O-O d5 10. Kb1 Nxd4 11. e5 Nf5 12. exf6 exf6 13. Nxd5 Nxe3 14. Qxe3
Be6 15. Bc4 Re8 16. Rhe1 f5 17. Bb3 Bxd5 18. Qxe8+ Qxe8 19. Rxe8+ Rxe8 20. Bxd5
b6 21. Bc4 Bf6 22. c3 Re7 23. Kc2 Kg7 24. a4 h5 25. Rd5 Be5 26. h3 Kf6 27. a5
bxa5 28. Rxa5 Kg5 29. Bxf7 Bc7 30. h4+ Kf6 31. Rxa7 Kxf7 32. Kd3 Bg3 33. Ra5
Rd7+ 34. Kc2 Ke6 35. c4 Bxh4 36. b4 Be7 37. Kc3 Bf6+ 38. Kc2 g5 39. Ra6+ Rd6
40. Ra8 Ke5 41. Ra5+ Kf4 42. c5 Rc6 43. Kd3 Kg3 44. Ra2 h4 45. Kc4 Rc8 46. b5
g4 47. fxg4 fxg4 48. c6 Bd8 49. Kc5 Rb8 50. Rb2 Bb6+ 51. Kd6 Rd8+ 52. Ke7 h3
53. gxh3 gxh3 54. Rb3+ Kg4 55. Rb4+ Kg5 56. Rb3 Rh8 57. Rb1 h2 58. Rh1 Kg4 59.
Kd7 Kg3 60. c7 Rh7+ 61. Kc6 Bxc7 62. Ra1 Bf4 63. b6 h1=Q+ 0-1

[Event "Madrid-ch 2011/2012- Semifinal B"]
[Site "Madrid ESP"]
[Date "2012.03.24"]
[Round "3.3"]
[White "Esquivias Gomez, Francisco J"]
[Black "Rodriguez Vignote, Javier"]
[Result "1-0"]
[WhiteElo "2016"]
[BlackElo "1923"]
[PlyCount "99"]
[EventDate "2012.03.22"]
[EventType "swiss"]
[EventRounds "9"]
[EventCountry "ESP"]
[Source "lmi"]
[SourceDate "2012.03.22"]

1. e4 e6 2. d4 d5 3. e5 c5 4. Nf3 Nc6 5. Bd3 Qb6 6. O-O cxd4 7. a3 Nge7 8. Re1
Ng6 9. h4 Qc7 10. Qe2 Be7 11. h5 Nh4 12. Nxh4 Bxh4 13. Qg4 Bxf2+ 14. Kxf2 f5
15. Qg3 Rg8 16. Kg1 g5 17. c3 Qg7 18. Bb5 dxc3 19. Bxc6+ bxc6 20. Nxc3 f4 21.
Qg4 Rf8 22. Bd2 Rb8 23. Na4 Rf5 24. Bc3 a5 25. Nc5 a4 26. Rf1 Rb5 27. Bd4 Qa7
28. Rac1 Qf7 29. Rf3 Qf8 30. Nxa4 Bd7 31. Nc5 Qg7 32. b4 Ke7 33. Nxd7 Kxd7 34.
Rfc3 c5 35. Bxc5 Qxe5 36. Bf2 Rb7 37. h6 Qf6 38. Rc6 f3 39. Qd4 Qxh6 40. gxf3
Rxf3 41. Qxd5+ exd5 42. Rxh6 Rf7 43. Rcc6 Ke8 44. Bc5 Rf3 45. Rhf6 Rg3+ 46. Kh2
Rxa3 47. Rf8+ Kd7 48. Rd6+ Kc7 49. Rf7+ Kc8 50. Rc6+ 1-0

[Event "Madrid-ch 2011/2012- Semifinal B"]
[Site "Madrid ESP"]
[Date "2012.03.24"]
[Round "3.4"]
[White "Vazquez Gonzalez, Jesus"]
[Black "Barez Menendez, Hector"]
[Result "1-0"]
[WhiteElo "2065"]
[BlackElo "2155"]
[PlyCount "41"]
[EventDate "2012.03.22"]
[EventType "swiss"]
[EventRounds "9"]
[EventCountry "ESP"]
[Source "lmi"]
[SourceDate "2012.03.22"]

1. e4 e5 2. d4 exd4 3. Nf3 Nf6 4. e5 Ne4 5. Qxd4 d5 6. exd6 Nxd6 7. Bd3 Nc6 8.
Qf4 g6 9. O-O Bg7 10. Re1+ Be6 11. h4 O-O 12. h5 Bf5 13. Nc3 Bxd3 14. cxd3 Nf5
15. hxg6 hxg6 16. Qc4 Nfd4 17. Nxd4 Qxd4 18. Nd5 Rfd8 19. Nxc7 Rac8 20. Bf4
Qxd3 21. Re8+ 1-0

[Event "Madrid-ch 2011/2012- Semifinal B"]
[Site "Madrid ESP"]
[Date "2012.03.24"]
[Round "3.5"]
[White "Ruiz Sanchez, Roberto"]
[Black "Garcia Salamero, Gabriel"]
[Result "1-0"]
[WhiteElo "1997"]
[BlackElo "2225"]
[PlyCount "53"]
[EventDate "2012.03.22"]
[EventType "swiss"]
[EventRounds "9"]
[EventCountry "ESP"]
[Source "lmi"]
[SourceDate "2012.03.22"]

1. e4 c5 2. Nf3 e6 3. d4 cxd4 4. Nxd4 a6 5. Bd3 Qc7 6. O-O Nf6 7. Qe2 d6 8. c4
b6 9. Nc3 Bb7 10. f4 Nbd7 11. Kh1 Be7 12. Bd2 h5 13. Rfe1 O-O-O 14. b4 Nb8 15.
Rac1 Nc6 16. Nxc6 Bxc6 17. Nd5 Qa7 18. Be3 exd5 19. cxd5 Kd7 20. Rxc6 Rb8 21.
Rec1 Bd8 22. e5 dxe5 23. fxe5 Ng4 24. e6+ Ke8 25. exf7+ Kxf7 26. Bg6+ Kg8 27.
Bf4 1-0

[Event "Madrid-ch 2011/2012- Semifinal B"]
[Site "Madrid ESP"]
[Date "2012.03.24"]
[Round "3.6"]
[White "Hinojar Diez, David"]
[Black "Baeza Escudero, Javier"]
[Result "1/2-1/2"]
[WhiteElo "2148"]
[BlackElo "2029"]
[PlyCount "57"]
[EventDate "2012.03.22"]
[EventType "swiss"]
[EventRounds "9"]
[EventCountry "ESP"]
[Source "lmi"]
[SourceDate "2012.03.22"]

1. e4 e5 2. Nf3 Nc6 3. Nc3 Nf6 4. d3 d5 5. Bg5 dxe4 6. Nxe4 Be7 7. Bxf6 gxf6 8.
c3 f5 9. Ng3 Be6 10. Qa4 Qd5 11. d4 exd4 12. Nxd4 O-O-O 13. O-O-O Nxd4 14. Rxd4
Qxa2 15. Qxa2 Bxa2 16. Nxf5 Bc5 17. Rf4 Rhe8 18. Bb5 c6 19. Ba4 Re2 20. Nd4
Bxd4 21. cxd4 Bd5 22. Bd1 Re4 23. Bg4+ Kc7 24. Rxe4 Bxe4 25. f3 Bg6 26. Rd1 Kb6
27. h4 Rd5 28. Rd2 h6 29. Kd1 1/2-1/2

[Event "Madrid-ch 2011/2012- Semifinal B"]
[Site "Madrid ESP"]
[Date "2012.03.24"]
[Round "3.7"]
[White "Munoz Cebey, Ricardo"]
[Black "Fuentes Arjona, Antonio"]
[Result "1/2-1/2"]
[WhiteElo "2061"]
[BlackElo "2012"]
[PlyCount "43"]
[EventDate "2012.03.22"]
[EventType "swiss"]
[EventRounds "9"]
[EventCountry "ESP"]
[Source "lmi"]
[SourceDate "2012.03.22"]

1. e4 c5 2. Nc3 Nc6 3. g3 g6 4. Bg2 Bg7 5. d3 Nf6 6. Be3 d6 7. Nge2 O-O 8. h3
Rb8 9. O-O b5 10. Qd2 b4 11. Nd1 e5 12. Bh6 d5 13. Bxg7 Kxg7 14. exd5 Nxd5 15.
Ne3 Nxe3 16. Qxe3 Qd6 17. Rfe1 Bb7 18. g4 Nd4 19. Nxd4 exd4 20. Qe5+ Qxe5 21.
Rxe5 Bxg2 22. Kxg2 1/2-1/2

[Event "Madrid-ch 2011/2012- Semifinal B"]
[Site "Madrid ESP"]
[Date "2012.03.24"]
[Round "3.8"]
[White "Garcia Serrano, Jose M. Ii"]
[Black "Moreno Torrero, Javier"]
[Result "0-1"]
[WhiteElo "1894"]
[BlackElo "2045"]
[PlyCount "74"]
[EventDate "2012.03.22"]
[EventType "swiss"]
[EventRounds "9"]
[EventCountry "ESP"]
[Source "lmi"]
[SourceDate "2012.03.22"]

1. e4 c5 2. d4 cxd4 3. c3 d3 4. Bxd3 d6 5. Nf3 g6 6. O-O Bg7 7. h3 Nd7 8. c4
Ngf6 9. Qe2 O-O 10. Nc3 Nc5 11. Bc2 a6 12. Rd1 Qb6 13. Rb1 Ne6 14. Be3 Qa5 15.
Nd5 Nxd5 16. exd5 Nc7 17. Rd3 Ne8 18. Bg5 f6 19. Bd2 Qd8 20. Re3 Rf7 21. Re1
Bf8 22. Nd4 Ng7 23. Ne6 Nxe6 24. dxe6 Rg7 25. Rg3 Kh8 26. Bxg6 Rxg6 27. Rxg6
hxg6 28. Qg4 Qe8 29. h4 Kh7 30. Qf4 Bg7 31. g4 b5 32. h5 Bb7 33. hxg6+ Qxg6 34.
f3 Bh6 35. Qh2 Kg7 36. g5 Bxg5 37. f4 Bxf4+ 0-1

[Event "Madrid-ch 2011/2012- Semifinal B"]
[Site "Madrid ESP"]
[Date "2012.03.24"]
[Round "3.9"]
[White "Rodriguez Sanchez, Roberto"]
[Black "Garcia-Ruiz Fuentes, Marcos"]
[Result "1-0"]
[WhiteElo "2035"]
[BlackElo "1873"]
[PlyCount "57"]
[EventDate "2012.03.22"]
[EventType "swiss"]
[EventRounds "9"]
[EventCountry "ESP"]
[Source "lmi"]
[SourceDate "2012.03.22"]

1. e4 c5 2. Nf3 d6 3. d4 cxd4 4. Nxd4 Nf6 5. Nc3 a6 6. Bg5 e6 7. f4 Qc7 8. Qf3
b5 9. a3 Nbd7 10. O-O-O Rb8 11. g4 b4 12. axb4 Rxb4 13. Bxf6 Nxf6 14. g5 Nd7
15. Bh3 Nc5 16. f5 Be7 17. fxe6 Bxg5+ 18. Kb1 O-O 19. Nd5 Rxb2+ 20. Kxb2 Qb7+
21. Nb3 fxe6 22. Qg3 exd5 23. Bxc8 Bf6+ 24. e5 Qxc8 25. exf6 Rxf6 26. Rhf1 Rg6
27. Qf3 Na4+ 28. Ka3 Nc3 29. Qf7+ 1-0

[Event "Madrid-ch 2011/2012- Semifinal B"]
[Site "Madrid ESP"]
[Date "2012.03.24"]
[Round "3.10"]
[White "Monge Gilgado, Eva Maria"]
[Black "Arroyo Fernandez, Francisco J"]
[Result "1/2-1/2"]
[WhiteElo "1817"]
[BlackElo "1825"]
[PlyCount "47"]
[EventDate "2012.03.22"]
[EventType "swiss"]
[EventRounds "9"]
[EventCountry "ESP"]
[Source "lmi"]
[SourceDate "2012.03.22"]

1. e4 c5 2. Nc3 e6 3. g3 a6 4. Bg2 d6 5. f4 e5 6. d3 Nf6 7. Nge2 Bd7 8. O-O Bc6
9. f5 Nbd7 10. h3 Be7 11. Be3 b5 12. Qe1 Qb8 13. g4 Nb6 14. Ng3 Qb7 15. Nd1
O-O-O 16. b3 Rhe8 17. a4 d5 18. axb5 axb5 19. Nf2 d4 20. Bd2 b4 21. g5 Nfd7 22.
Ng4 Bf8 23. f6 g6 24. Qe2 1/2-1/2

[Event "Madrid-ch 2011/2012- Semifinal B"]
[Site "Madrid ESP"]
[Date "2012.03.24"]
[Round "3.11"]
[White "Cano Cabanillas, Javier"]
[Black "Sebastian Enesco, Alex"]
[Result "1-0"]
[WhiteElo "2016"]
[BlackElo "1783"]
[PlyCount "119"]
[EventDate "2012.03.22"]
[EventType "swiss"]
[EventRounds "9"]
[EventCountry "ESP"]
[Source "lmi"]
[SourceDate "2012.03.22"]

1. e4 d5 2. exd5 Nf6 3. Nf3 Nxd5 4. d4 Bg4 5. Be2 e6 6. O-O Be7 7. c4 Nb6 8.
Nc3 N8d7 9. c5 Nd5 10. Nxd5 exd5 11. Qb3 b6 12. Qxd5 bxc5 13. dxc5 O-O 14. Qe4
Nf6 15. Qc4 Be6 16. Qc2 Qd5 17. Be3 Ng4 18. Bd4 Bf6 19. Rfd1 Bf5 20. Qc3 Qe4
21. Bd3 Qf4 22. Bxf5 Qxf5 23. h3 Bxd4 24. Rxd4 Nf6 25. Re1 h6 26. b4 Rfb8 27.
Qc4 c6 28. Ne5 Re8 29. Qxf7+ Kh7 30. Rg4 Rg8 31. Ng6 Qc2 32. Rg3 Nh5 33. Ne7
Nxg3 34. Nxg8 Ne2+ 35. Kf1 Rxg8 36. Rxe2 Qb1+ 37. Re1 Qxb4 38. Qxa7 Rf8 39. Qe7
Qf4 40. Qe4+ Qxe4 41. Rxe4 Ra8 42. a4 Kg6 43. Ke2 Kf5 44. Rc4 Ke5 45. Kd3 Kd5
46. Kc3 Ra7 47. f4 Rf7 48. g4 g6 49. a5 Ra7 50. Ra4 Kxc5 51. a6 Kb6 52. Ra1 Kc5
53. f5 gxf5 54. gxf5 Kd5 55. Kb4 Kd6 56. f6 Kc7 57. f7 Ra8 58. a7 Kb7 59. Kc5
h5 60. h4 1-0

[Event "Madrid-ch 2011/2012- Semifinal B"]
[Site "Madrid ESP"]
[Date "2012.03.24"]
[Round "3.12"]
[White "Garcia Herranz, Jesus"]
[Black "Brull Cortes, Boris"]
[Result "0-1"]
[WhiteElo "1968"]
[BlackElo "2005"]
[PlyCount "90"]
[EventDate "2012.03.22"]
[EventType "swiss"]
[EventRounds "9"]
[EventCountry "ESP"]
[Source "lmi"]
[SourceDate "2012.03.22"]

1. Nf3 f5 2. d4 Nf6 3. c4 e6 4. g3 d5 5. Bg2 c6 6. b3 Bd6 7. O-O Qe7 8. Bb2
Nbd7 9. cxd5 exd5 10. Nc3 O-O 11. e3 Ne4 12. Nd2 Ndf6 13. Re1 Ng4 14. Ncxe4
fxe4 15. f3 Nxh2 16. f4 Ng4 17. Qe2 h5 18. Bh3 Bf5 19. Bxg4 Bxg4 20. Qh2 Rf6
21. a3 Raf8 22. Kg2 g5 23. Rg1 gxf4 24. gxf4 Rg6 25. Kh1 Rf7 26. Rg2 Rfg7 27.
Rf1 Bxa3 28. Bxa3 Qxa3 29. f5 Bxf5 30. Rxg6 Bxg6 31. Qb8+ Kh7 32. Rf8 Rg8 33.
Rxg8 Qc1+ 34. Kg2 Qxd2+ 35. Kf1 Qd1+ 36. Kg2 Qg4+ 37. Kf2 Qf3+ 38. Ke1 Qxe3+
39. Kf1 Qh3+ 40. Ke2 Qf3+ 41. Ke1 Qf6 42. Rf8 Bf7 43. Qxa7 e3 44. Kd1 Qf1+ 45.
Kc2 Bg6+ 0-1

[Event "Madrid-ch 2011/2012- Semifinal B"]
[Site "Madrid ESP"]
[Date "2012.03.30"]
[Round "4.1"]
[White "Cerrato Torrijos, Maria"]
[Black "Castano, Henry Augusto"]
[Result "0-1"]
[WhiteElo "2101"]
[BlackElo "2284"]
[PlyCount "138"]
[EventDate "2012.03.22"]
[EventType "swiss"]
[EventRounds "9"]
[EventCountry "ESP"]
[Source "lmi"]
[SourceDate "2012.03.22"]

1. e4 e5 2. Nf3 Nc6 3. Bc4 Nf6 4. d3 Be7 5. O-O O-O 6. a4 d6 7. a5 a6 8. c3 b5
9. axb6 cxb6 10. Nbd2 d5 11. exd5 Nxd5 12. Re1 Bb7 13. Nxe5 Nxe5 14. Rxe5 Bf6
15. Re1 b5 16. Bb3 b4 17. cxb4 Nxb4 18. Ne4 Bd4 19. Bc4 Qb6 20. Be3 Rad8 21.
Qb3 a5 22. Bxd4 Rxd4 23. Re3 Bd5 24. Bxd5 Rxd5 25. Nc3 Rd7 26. Ne2 h6 27. d4
Rb8 28. Rd1 Nd5 29. Qxb6 Rxb6 30. Ra3 Rxb2 31. Nc1 Rb1 32. Rf1 Nf4 33. g3 Rxc1
34. gxf4 Rxf1+ 35. Kxf1 Rxd4 36. Rxa5 Rxf4 37. Kg2 Rg4+ 38. Kf3 Rg1 39. Rb5 Kh7
40. Rb6 f6 41. Rb5 Kg6 42. Ra5 Rg5 43. Ra4 Kh5 44. Rb4 f5 45. h3 Rg1 46. Rb5 g6
47. Rb4 g5 48. Rb5 f4 49. Rb6 Ra1 50. Rf6 Ra3+ 51. Kg2 Rd3 52. Re6 Rd7 53. Ra6
Rg7 54. Rb6 Rg6 55. Rb3 Ra6 56. Rc3 Kh4 57. Rb3 Ra7 58. Rb6 h5 59. Rb4 Ra3 60.
Rb8 Rxh3 61. Rh8 Kg4 62. Rg8 Ra3 63. f3+ Rxf3 64. Rxg5+ Kxg5 65. Kxf3 Kf5 66.
Kf2 Kg4 67. Kg2 f3+ 68. Kf1 Kg3 69. Kg1 f2+ 0-1

[Event "Madrid-ch 2011/2012- Semifinal B"]
[Site "Madrid ESP"]
[Date "2012.03.30"]
[Round "4.2"]
[White "Moreno Torrero, Javier"]
[Black "Esquivias Gomez, Francisco J"]
[Result "1-0"]
[WhiteElo "2045"]
[BlackElo "2016"]
[PlyCount "89"]
[EventDate "2012.03.22"]
[EventType "swiss"]
[EventRounds "9"]
[EventCountry "ESP"]
[Source "lmi"]
[SourceDate "2012.03.22"]

1. d4 g6 2. e4 Bg7 3. Nc3 d6 4. f4 Nf6 5. Nf3 O-O 6. Bd3 c6 7. O-O Bg4 8. h3
Bxf3 9. Qxf3 e6 10. Kh1 d5 11. e5 Nfd7 12. Be3 Qe7 13. Na4 b5 14. Nc5 Nxc5 15.
dxc5 a5 16. c3 Na6 17. Qf2 Rfb8 18. a4 b4 19. Bxa6 Rxa6 20. c4 Rc8 21. Qe2 Qb7
22. g4 Raa8 23. Bd4 Rd8 24. f5 dxc4 25. Qxc4 Qd7 26. Be3 Qd5+ 27. Qxd5 Rxd5 28.
f6 Bf8 29. Bf4 Rad8 30. Rac1 h6 31. h4 Kh7 32. Rc4 Bxc5 33. Kg2 g5 34. hxg5
hxg5 35. Bxg5 Rxe5 36. Rh1+ Kg8 37. Bf4 Red5 38. g5 e5 39. Bc1 Bd4 40. Rxc6
Bxb2 41. Bxb2 Rd2+ 42. Kf3 Rxb2 43. g6 fxg6 44. Rc7 Rf8 45. Rg7# 1-0

[Event "Madrid-ch 2011/2012- Semifinal B"]
[Site "Madrid ESP"]
[Date "2012.03.30"]
[Round "4.3"]
[White "Garcia Sanz, Eduardo"]
[Black "Vazquez Gonzalez, Jesus"]
[Result "1-0"]
[WhiteElo "1994"]
[BlackElo "2065"]
[PlyCount "71"]
[EventDate "2012.03.22"]
[EventType "swiss"]
[EventRounds "9"]
[EventCountry "ESP"]
[Source "lmi"]
[SourceDate "2012.03.22"]

1. Nf3 g6 2. g3 Bg7 3. Bg2 c5 4. O-O Nc6 5. c4 d6 6. Nc3 e5 7. d3 Nge7 8. a3
O-O 9. Rb1 f5 10. e3 h6 11. Ne2 a5 12. b3 g5 13. Bb2 Ng6 14. Qc2 Qe8 15. Rbd1
f4 16. exf4 gxf4 17. h3 h5 18. Ng5 Bh6 19. Bd5+ Kg7 20. h4 Bxg5 21. hxg5 Qe7
22. gxf4 Nxf4 23. Nxf4 Rxf4 24. f3 Bh3 25. Rf2 Qxg5+ 26. Kh1 Rh4 27. Rh2 Qf6
28. Rg1+ Kh8 29. Qf2 Ne7 30. Bc1 Nxd5 31. Bg5 Qf5 32. Bxh4 Nf4 33. Qg3 Qf7 34.
Rxh3 Nxh3 35. Qxh3 Rf8 36. Bf6+ 1-0

[Event "Madrid-ch 2011/2012- Semifinal B"]
[Site "Madrid ESP"]
[Date "2012.03.30"]
[Round "4.4"]
[White "Ruiz Sanchez, Roberto"]
[Black "Rodriguez Sanchez, Roberto"]
[Result "1-0"]
[WhiteElo "1997"]
[BlackElo "2035"]
[PlyCount "37"]
[EventDate "2012.03.22"]
[EventType "swiss"]
[EventRounds "9"]
[EventCountry "ESP"]
[Source "lmi"]
[SourceDate "2012.03.22"]

1. e4 c5 2. Nf3 d6 3. d4 cxd4 4. Nxd4 Nf6 5. Nc3 a6 6. Be2 e6 7. O-O Be7 8. f4
Qc7 9. Kh1 b5 10. Bf3 Bb7 11. e5 dxe5 12. fxe5 Nfd7 13. Bxb7 Qxb7 14. Qg4 Rg8
15. Qh5 g6 16. Qxh7 Rf8 17. Bh6 Bc5 18. Nxe6 fxe6 19. Bxf8 1-0

[Event "Madrid-ch 2011/2012- Semifinal B"]
[Site "Madrid ESP"]
[Date "2012.03.30"]
[Round "4.5"]
[White "Barez Menendez, Hector"]
[Black "Lopez Ziegler, Carlos"]
[Result "1/2-1/2"]
[WhiteElo "2155"]
[BlackElo "1902"]
[PlyCount "106"]
[EventDate "2012.03.22"]
[EventType "swiss"]
[EventRounds "9"]
[EventCountry "ESP"]
[Source "lmi"]
[SourceDate "2012.03.22"]

1. d4 d5 2. c4 e6 3. Nc3 Nf6 4. cxd5 exd5 5. Bg5 c6 6. Qc2 Be7 7. e3 Nbd7 8.
Bd3 h6 9. Bh4 O-O 10. Nf3 Re8 11. O-O Ne4 12. Bxe4 Bxh4 13. Bh7+ Kh8 14. Nxh4
Qxh4 15. Bd3 Nf6 16. b4 a6 17. Na4 Ne4 18. f3 Nd6 19. Rae1 Qf6 20. Kh1 Bd7 21.
Nc5 Re7 22. Qc3 Nb5 23. Qa1 Rae8 24. a4 Nd6 25. e4 Qf4 26. Qc3 Bc8 27. a5 h5
28. Qc1 Qxc1 29. Rxc1 g6 30. Kg1 Kg7 31. Kf2 f6 32. Rfe1 g5 33. exd5 cxd5 34.
Rxe7+ Rxe7 35. Na4 Bf5 36. Be2 Kf7 37. Nb6 Be6 38. Bd3 f5 39. Rc5 Ne8 40. Nxd5
Rd7 41. Nb6 Rxd4 42. Bxf5 Rxb4 43. Bxe6+ Kxe6 44. Rxg5 Nf6 45. Rg7 Rb5 46. Rxb7
Rxa5 47. Nc4 Ra4 48. Rb6+ Ke7 49. Ne3 h4 50. Rc6 a5 51. Nf5+ Kf7 52. Rc5 Ra2+
53. Kf1 Ra1+ 1/2-1/2

[Event "Madrid-ch 2011/2012- Semifinal B"]
[Site "Madrid ESP"]
[Date "2012.03.30"]
[Round "4.6"]
[White "Rodriguez Vignote, Javier"]
[Black "Hinojar Diez, David"]
[Result "1/2-1/2"]
[WhiteElo "1923"]
[BlackElo "2148"]
[PlyCount "91"]
[EventDate "2012.03.22"]
[EventType "swiss"]
[EventRounds "9"]
[EventCountry "ESP"]
[Source "lmi"]
[SourceDate "2012.03.22"]

1. Nf3 d5 2. d4 Nf6 3. c4 c6 4. Qc2 g6 5. Bf4 Bg7 6. e3 O-O 7. Nc3 a6 8. cxd5
cxd5 9. Be2 Nc6 10. O-O Bf5 11. Qb3 b5 12. Ne5 Na5 13. Qb4 Rc8 14. Rfc1 Nc4 15.
Nd1 Ne4 16. Nxc4 bxc4 17. f3 Nf6 18. b3 Nh5 19. Bg5 a5 20. Qxe7 Qb6 21. Qa3 Be6
22. Be7 Rfe8 23. Bc5 Qa6 24. bxc4 dxc4 25. Rab1 Rb8 26. Qa4 Rec8 27. Rxb8 Rxb8
28. Bxc4 Bxc4 29. Rxc4 h6 30. Qc2 Nf6 31. Ba3 Nd5 32. Rc6 Qb7 33. Rc5 Re8 34.
Bc1 Nb4 35. Rc7 Qb5 36. a4 Qf5 37. Qxf5 gxf5 38. Rc5 Nd3 39. Rc2 Bxd4 40. Bd2
Bb6 41. Kf1 Rd8 42. Ke2 Nc5 43. Nb2 Nb3 44. Be1 Re8 45. Rc3 Nc5 46. Bd2 1/2-1/2

[Event "Madrid-ch 2011/2012- Semifinal B"]
[Site "Madrid ESP"]
[Date "2012.03.30"]
[Round "4.8"]
[White "Fuentes Arjona, Antonio"]
[Black "Monge Gilgado, Eva Maria"]
[Result "0-1"]
[WhiteElo "2012"]
[BlackElo "1817"]
[PlyCount "120"]
[EventDate "2012.03.22"]
[EventType "swiss"]
[EventRounds "9"]
[EventCountry "ESP"]
[Source "lmi"]
[SourceDate "2012.03.22"]

1. e4 c5 2. Nf3 d6 3. d4 cxd4 4. Nxd4 Nf6 5. Nc3 e6 6. Bb5+ Nbd7 7. Be3 a6 8.
Be2 b5 9. a3 Bb7 10. f3 Be7 11. Qd2 O-O 12. g4 Ne5 13. g5 Nfd7 14. h4 Nb6 15.
b3 d5 16. f4 Ned7 17. e5 b4 18. Nb1 bxa3 19. Nxa3 Nc5 20. Bd3 Nxd3+ 21. Qxd3
Nc4 22. Nb1 Nxe3 23. Qxe3 Bc5 24. c3 Rc8 25. O-O Qb6 26. Nd2 Rc7 27. b4 Bxd4
28. Qxd4 Qxd4+ 29. cxd4 Rfc8 30. Nb3 Rc4 31. Ra4 Bc6 32. Rxa6 Rxb4 33. Rfa1
Rxb3 34. Rxc6 Rcb8 35. Rac1 h6 36. Kg2 Rd3 37. h5 hxg5 38. Rc8+ Rxc8 39. Rxc8+
Kh7 40. fxg5 Rxd4 41. Rf8 Rg4+ 42. Kf3 Rxg5 43. Rxf7 Rxe5 44. Kg4 Kh6 45. Re7
Re4+ 46. Kf3 g5 47. hxg6 Kxg6 48. Re8 Kf5 49. Ra8 Rb4 50. Rf8+ Ke5 51. Rh8 Rb3+
52. Ke2 d4 53. Rh4 Kd5 54. Rh5+ e5 55. Rh4 e4 56. Rh5+ Kc4 57. Rh8 Rb2+ 58. Kd1
Kd3 59. Ke1 Rg2 60. Rh1 e3 0-1

[Event "Madrid-ch 2011/2012- Semifinal B"]
[Site "Madrid ESP"]
[Date "2012.03.30"]
[Round "4.9"]
[White "Garcia Salamero, Gabriel"]
[Black "Garcia Serrano, Jose M. Ii"]
[Result "1-0"]
[WhiteElo "2225"]
[BlackElo "1894"]
[PlyCount "123"]
[EventDate "2012.03.22"]
[EventType "swiss"]
[EventRounds "9"]
[EventCountry "ESP"]
[Source "lmi"]
[SourceDate "2012.03.22"]

1. e4 e5 2. Nf3 Nc6 3. Bb5 a6 4. Ba4 Nf6 5. O-O Be7 6. Re1 b5 7. Bb3 O-O 8. c3
d5 9. exd5 Nxd5 10. Nxe5 Nxe5 11. Rxe5 Nf6 12. d4 Bd6 13. Re2 Ng4 14. f4 Qf6
15. h3 Nh6 16. Qf1 Bf5 17. Qf3 Qg6 18. Na3 Bxa3 19. bxa3 Rae8 20. Re5 Kh8 21.
Bd2 f6 22. Rxe8 Rxe8 23. Re1 Rxe1+ 24. Bxe1 Be4 25. Qe2 f5 26. a4 Ng8 27. axb5
axb5 28. g3 Qc6 29. c4 Qf6 30. Bf2 Qh6 31. h4 b4 32. Bc2 Nf6 33. d5 Qg6 34.
Bxe4 Nxe4 35. Kg2 Qd6 36. Bd4 Qg6 37. Qf3 h6 38. Be5 Qa6 39. Qe2 Qg6 40. Qd3
Qa6 41. Qc2 Qg6 42. Qd3 Qa6 43. Qe2 Qg6 44. Qe1 Qa6 45. Qxb4 Qxa2+ 46. Bb2 Nf6
47. Kf3 Qb1 48. Qf8+ Kh7 49. Bxf6 Qe4+ 50. Kf2 Qc2+ 51. Ke3 Qc1+ 52. Kd3 Qb1+
53. Kc3 Qa1+ 54. Kb3 Qd1+ 55. Ka3 Qd3+ 56. Kb4 Qb1+ 57. Ka4 Qc2+ 58. Kb5 Qb1+
59. Qb4 Qxb4+ 60. Kxb4 gxf6 61. c5 Kg7 62. d6 1-0

[Event "Madrid-ch 2011/2012- Semifinal B"]
[Site "Madrid ESP"]
[Date "2012.03.30"]
[Round "4.10"]
[White "Garcia-Ruiz Fuentes, Marcos"]
[Black "Cano Cabanillas, Javier"]
[Result "1-0"]
[WhiteElo "1873"]
[BlackElo "2016"]
[PlyCount "123"]
[EventDate "2012.03.22"]
[EventType "swiss"]
[EventRounds "9"]
[EventCountry "ESP"]
[Source "lmi"]
[SourceDate "2012.03.22"]

1. e4 e6 2. Nf3 d5 3. Nc3 Nf6 4. e5 Nfd7 5. d4 c5 6. dxc5 Nc6 7. Bf4 Bxc5 8.
Bd3 f6 9. exf6 Qxf6 10. Bg3 Nde5 11. Nxe5 Nxe5 12. Qh5+ Ng6 13. O-O O-O 14.
Nxd5 exd5 15. Qxd5+ Be6 16. Qxc5 b6 17. Qb4 Rac8 18. Rfe1 Bd5 19. Qd6 Qf7 20.
Bxg6 hxg6 21. Re7 Qf5 22. Qe5 Rf7 23. Re8+ Rf8 24. Rxc8 Rxc8 25. c3 Qxe5 26.
Bxe5 Re8 27. Bd4 Re2 28. b3 Kf7 29. Kf1 Rc2 30. f3 Be6 31. c4 Bf5 32. h3 Rd2
33. Be3 Bd3+ 34. Kg1 Re2 35. Bd4 g5 36. Kh2 Bc2 37. c5 bxc5 38. Bxc5 a6 39. b4
Ba4 40. Kg3 Rc2 41. a3 Rc3 42. Kg4 Kg6 43. Kg3 Rb3 44. Re1 Bb5 45. Re3 Rxe3 46.
Bxe3 Kf5 47. Kf2 g6 48. Ke1 Bc6 49. Kf2 Bb5 50. Bc1 Bc6 51. Ke3 Bb5 52. g3 Bf1
53. h4 gxh4 54. gxh4 Bb5 55. Kd4 Bc6 56. f4 Kg4 57. Kc5 Bb7 58. Kb6 Bc8 59. a4
Kf5 60. Kc7 Be6 61. b5 Bd5 62. b6 1-0